000 00683cam a2200241 4500
001 J84987
008 090401t1997 xxu||||| |||| 00| 0 eng d
035 _a(Sirsi) u79404
041 _aeng
050 _a306
110 _aChartered Institute of Housing
_92394
245 _aGood practice briefing - Issue 7 (April 1997). Local housing strategies.
260 _aCoventry
_bChartered Institute of Housing
_c1997
300 _a15p. : ill. ; 30cm.
350 _a10
490 _aCIH Good Practice Briefing
_v7
650 _aHOUSING STRATEGIES
650 _aLOCAL AUTHORITIES
650 _aLOCAL HOUSING STRATEGIES
690 _aHOUSING
942 _n0
948 _c02/07/1997
999 _c96536
_d96536